000
00330 a2200157 4500
001
44998
020
_a
9788466810401
040
_c
Anchieta - Aquarius
100
_a
Foley, Jhn
240
1
0
_a
Smellybear
_l
Ing
245
1
0
_a
Smellybear
300
_a
362
0
_a
2010
650
4
_a
Literatura infantil em inglês
942
_c
BK
999
_c
44998
_d
44998